Valparaíso y el mar: crónicas de Valparaíso antiguo

Guardat en:
Dades bibliogràfiques
Autor principal: Carrasco Balmaceda, José Luis (Autor)
Format: Llibre
Idioma:espanyol
Publicat: Valparaíso Gobierno Regional de Valparaíso 2002
Edició:1a. ed
Col·lecció:Crónica
Matèries:
Etiquetes: Afegir etiqueta
Sense etiquetes, Sigues el primer a etiquetar aquest registre!

MARC

LEADER 00000nam a2200000 a 4500
001 UCM7739
003 CL-VaPUC
008 030110e20020000CL |||||||||||||||||spa|d
020 |a 9567944334 
082 0 4 |a 983.255  |b CAR  |2 21 
100 0 |a Carrasco Balmaceda, José Luis  |e author  |9 473369 
245 1 0 |a Valparaíso y el mar: crónicas de Valparaíso antiguo 
250 |a 1a. ed 
300 |a 96 p 
651 0 |a Valparaíso, Chile  |9 261144 
942 |c BK 
945 |d 20030110 00:00:00  |a cmena 
260 |a Valparaíso  |b Gobierno Regional de Valparaíso  |c 2002 
650 0 |a Historia de Valparaíso  |9 460237 
650 0 |a Ciudades  |9 265474 
583 |a last modification  |c 20030110 00:00:00  |k Rodrigo Vera 
490 0 |a Crónica 
999 |c 302422  |d 302420 
952 |0 0  |1 0  |4 0  |6 983_255000000000000_CAR_2002  |7 0  |8 A  |9 362978  |a BIBMAT  |b BIBMAT  |d 2019-11-21  |i 3873234  |o 983.255 CAR 2002  |p 3873234  |r 2025-01-07  |w 2019-11-21  |y BK  |k MAT 
952 |0 0  |1 0  |4 0  |6 983_255000000000000_CAR_2002  |7 0  |8 A  |9 362979  |a BIBEDU  |b BIBEDU  |d 2019-11-21  |i 3873110  |o 983.255 CAR 2002  |p 3873110  |r 2019-11-21  |w 2019-11-21  |y BK  |k BME 
952 |0 0  |1 0  |4 0  |6 983_255000000000000_CAR_2002  |7 0  |8 A  |9 362980  |a BIBEDU  |b BIBEDU  |d 2019-11-21  |i 3872998  |o 983.255 CAR 2002  |p 3872998  |r 2019-11-21  |w 2019-11-21  |y BK  |k LIT